[Event "OPEN CONDOM 2022"]
[Site "Condom"]
[Date "2022.07.12"]
[Round "5.14"]
[White "Konopka, John"]
[Black "Trouve, Ethan"]
[Result "0-1"]
[WhiteElo "1272"]
[BlackElo "1094"]
[PlyCount "122"]
[EventDate "2022.??.??"]
[WhiteTeam "Cercle d'Echecs Cyrano"]
[BlackTeam "Echiquier Agenais"]

1. e4 d5 2. exd5 Qxd5 3. Nc3 Qa5 4. d4 c6 5. Nf3 Nf6 6. Bd2 Qc7 7. Bc4 Bg4 8.
h3 Bh5 9. Be2 e6 10. Ne5 Bxe2 11. Qxe2 Bd6 12. Ng4 Nbd7 13. O-O-O Nd5 14. Nxd5
cxd5 15. Ne3 Rc8 16. c3 O-O 17. g4 a6 18. h4 Qb6 19. Qd3 Qb5 20. Qxb5 axb5 21.
Kb1 Nf6 22. f3 Nd7 23. g5 Nb6 24. Ng4 Nc4 25. Bc1 b4 26. cxb4 Bxb4 27. a3 Be7
28. h5 Rc6 29. Rd3 Rb6 30. Ka2 Ra8 31. g6 f5 32. gxh7+ Kxh7 33. Nf2 Rba6 34.
Nh3 b5 35. Ng5+ Bxg5 36. Bxg5 b4 37. Be7 bxa3 38. Bxa3 Nxa3 39. Rxa3 Ra4 40.
Re1 R4a6 41. Rxa6 Rxa6+ 42. Kb3 Kh6 43. Rg1 Rb6+ 44. Kc3 Rc6+ 45. Kd3 Ra6 46.
f4 Ra7 47. Rg6+ Kxh5 48. Rxe6 Rd7 49. Ke3 g6 50. Kf3 Rb7 51. Re2 Rb3+ 52. Re3
Rxb2 53. Re1 Rb3+ 54. Ke2 Rb6 55. Kf3 Rb3+ 56. Ke2 Kg4 57. Rf1 Rg3 58. Rf2 Rg1
59. Rf3 Re1+ 60. Kf2 Rf1+ 61. Kxf1 Kxf3 0-1

[Event "OPEN CONDOM 2022"]
[Site "Condom"]
[Date "2022.07.13"]
[Round "6.1"]
[White "Lorans, Sylvain"]
[Black "Vedmediuc, Serghei"]
[Result "1/2-1/2"]
[WhiteElo "2091"]
[BlackElo "2439"]
[PlyCount "49"]
[EventDate "2022.??.??"]
[WhiteTeam "Club Echiquier du Nord"]
[BlackTeam "Echiquier Guingampais"]

1. d4 g6 2. e4 Bg7 3. c4 d6 4. Nc3 Nc6 5. Nge2 Nf6 6. f3 O-O 7. Be3 a6 8. Qd2
Na5 9. Nc1 b6 10. Bd3 c5 11. d5 e6 12. O-O exd5 13. cxd5 b5 14. Nb3 Nb7 15. Be2
Re8 16. a4 b4 17. Nd1 Nd7 18. Bf2 a5 19. Bb5 Rf8 20. Ne3 Nb6 21. Qc2 Bh6 22.
Nd2 f5 23. Nec4 Bxd2 24. Qxd2 Bd7 25. Nxb6 1/2-1/2

[Event "OPEN CONDOM 2022"]
[Site "Condom"]
[Date "2022.07.13"]
[Round "6.3"]
[White "Villeneuve, Samuel"]
[Black "Bedue, Julien"]
[Result "0-1"]
[WhiteElo "1855"]
[BlackElo "2028"]
[PlyCount "70"]
[EventDate "2022.??.??"]
[WhiteTeam "MJC Gaillac"]
[BlackTeam "Club d'Echecs de Condom"]

1. d4 Nf6 2. Bf4 e6 3. e3 c5 4. Nd2 Be7 5. c3 O-O 6. Bd3 b6 7. Qe2 d5 8. Ngf3
a5 9. e4 Ba6 10. h4 Bxd3 11. Qxd3 dxe4 12. Nxe4 Qd5 13. Nxf6+ Bxf6 14. Ng5 g6
15. Nxh7 Kxh7 16. h5 Rh8 17. hxg6+ Kg8 18. Rxh8+ Bxh8 19. g7 Bxg7 20. Qg3 Qe4+
21. Kd2 Nd7 22. Rh1 cxd4 23. Rh4 dxc3+ 24. bxc3 Nf8 25. Bh6 Rd8+ 26. Kc1 Qe1+
27. Kb2 Qe2+ 28. Kb3 Qb5+ 29. Kc2 Qe2+ 30. Kb3 Ng6 31. Qg5 Qd1+ 32. Ka3 Qd6+
33. Kb2 Bxh6 34. Qxh6 Qd2+ 35. Qxd2 Rxd2+ 0-1

[Event "OPEN CONDOM 2022"]
[Site "Condom"]
[Date "2022.07.13"]
[Round "6.4"]
[White "Antao, Amory"]
[Black "Halegua, Dani"]
[Result "0-1"]
[WhiteElo "2039"]
[BlackElo "2078"]
[PlyCount "50"]
[EventDate "2022.??.??"]
[WhiteTeam "MJC Gaillac"]
[BlackTeam "C.E.I. Toulouse"]

1. e4 e6 2. Qe2 b6 3. g3 Bb7 4. Bg2 Nf6 5. d3 d5 6. c3 dxe4 7. dxe4 Nbd7 8. Bg5
Nc5 9. Bxf6 gxf6 10. Nd2 Qd3 11. Rd1 O-O-O 12. b4 Qxe2+ 13. Kxe2 Ba6+ 14. b5
Bxb5+ 15. c4 Ba4 16. Rc1 Nd3 17. Rf1 Bb4 18. Nb3 Bxb3 19. axb3 Nc5 20. Nf3 Nxe4
21. Rc1 Rd7 22. Ke3 f5 23. Ne5 Bd2+ 24. Ke2 Bxc1 25. Nxd7 Bb2 0-1

[Event "OPEN CONDOM 2022"]
[Site "Condom"]
[Date "2022.07.13"]
[Round "6.6"]
[White "Vaillant, Stephane"]
[Black "Vandervorst, Jean-Marc"]
[Result "1/2-1/2"]
[WhiteElo "1794"]
[BlackElo "1915"]
[PlyCount "36"]
[EventDate "2022.??.??"]
[WhiteTeam "U.S. Orléans.Echecs"]
[BlackTeam "Club d'Echecs de Condom"]

1. d4 d5 2. Nf3 Nf6 3. c4 e6 4. Nc3 Be7 5. Bg5 O-O 6. e3 b6 7. cxd5 exd5 8. Be2
Nbd7 9. O-O Bb7 10. Nd2 Ne4 11. Bxe7 Qxe7 12. Qc2 c5 13. dxc5 Ndxc5 14. b4 Nxc3
15. Qxc3 Ne4 16. Qb2 Rac8 17. Rfc1 Rxc1+ 18. Rxc1 Rc8 1/2-1/2

[Event "OPEN CONDOM 2022"]
[Site "Condom"]
[Date "2022.07.13"]
[Round "6.7"]
[White "Scurtu, Alexandr"]
[Black "Darrort, Nahia"]
[Result "1-0"]
[WhiteElo "1914"]
[BlackElo "1447"]
[PlyCount "51"]
[EventDate "2022.??.??"]
[BlackTeam "Echiquier Agenais"]

1. e4 c5 2. Nf3 Nc6 3. d4 cxd4 4. Nxd4 Nf6 5. Nc3 g6 6. Be3 Bg7 7. Bc4 O-O 8.
Bb3 d6 9. f3 Bd7 10. Qd2 a6 11. O-O-O b5 12. Kb1 Na5 13. Bh6 Nxb3 14. cxb3 Qb6
15. g4 a5 16. h4 a4 17. b4 Rfc8 18. Bxg7 Kxg7 19. h5 Rh8 20. Nd5 Nxd5 21. exd5
f6 22. Rde1 Kf7 23. hxg6+ hxg6 24. Qe3 Rxh1 25. Qxe7+ Kg8 26. Rxh1 1-0

[Event "OPEN CONDOM 2022"]
[Site "Condom"]
[Date "2022.07.13"]
[Round "6.11"]
[White "Trouve, Ethan"]
[Black "Colin, Penelope"]
[Result "0-1"]
[WhiteElo "1094"]
[BlackElo "1084"]
[PlyCount "52"]
[EventDate "2022.??.??"]
[WhiteTeam "Echiquier Agenais"]
[BlackTeam "Echiquier Agenais"]

1. d4 d5 2. Bf4 c5 3. e3 Nc6 4. c3 Bf5 5. Qb3 Qd7 6. Nf3 f6 7. Bb5 e6 8. Nh4
Bxb1 9. Rxb1 g5 10. Nf3 gxf4 11. exf4 a6 12. Qa4 Bd6 13. O-O Nge7 14. Rfe1 O-O
15. Bd3 Kh8 16. Re2 b5 17. Qc2 Rf7 18. Rbe1 c4 19. Rxe6 cxd3 20. Qxd3 Rg8 21.
Nh4 Bxf4 22. Qf3 Bg5 23. Qh5 Rfg7 24. g3 Qe8 25. Qf3 Bxh4 26. Rxc6 Qxc6 0-1

[Event "OPEN CONDOM 2022"]
[Site "Condom"]
[Date "2022.07.13"]
[Round "6.12"]
[White "Beaurain, Louis"]
[Black "Pieri, Enzo"]
[Result "1-0"]
[WhiteElo "1537"]
[BlackElo "1586"]
[PlyCount "57"]
[EventDate "2022.??.??"]
[WhiteTeam "Club d'Echecs de Condom"]

1. d4 d5 2. Bf4 Nf6 3. Nf3 g6 4. Nc3 Bg7 5. Qd2 O-O 6. Bh6 Nbd7 7. Bxg7 Kxg7 8.
h4 Ne4 9. Nxe4 dxe4 10. Ng5 Nf6 11. O-O-O h6 12. Nh3 Qd5 13. Kb1 Be6 14. b3
Bxh3 15. Rxh3 Ng4 16. e3 Qf5 17. f3 exf3 18. gxf3 Nf6 19. e4 Qd7 20. Rg3 Rfd8
21. Be2 c5 22. d5 Nh5 23. Rgg1 Qd6 24. Qc3+ Kh7 25. e5 Qb6 26. Qc4 Qc7 27. f4
b5 28. Qe4 Qb6 29. Bxh5 1-0

[Event "OPEN CONDOM 2022"]
[Site "Condom"]
[Date "2022.07.13"]
[Round "6.14"]
[White "Konopka, John"]
[Black "Berthou, Jules"]
[Result "0-1"]
[WhiteElo "1272"]
[BlackElo "1670"]
[PlyCount "42"]
[EventDate "2022.??.??"]
[WhiteTeam "Cercle d'Echecs Cyrano"]
[BlackTeam "Echiquier de Bigorre"]

1. e4 c5 2. Nf3 Nc6 3. Bb5 e6 4. O-O Nge7 5. c3 a6 6. Bxc6 Nxc6 7. d4 d5 8. e5
Be7 9. Nbd2 O-O 10. Nb3 cxd4 11. cxd4 b6 12. Re1 a5 13. a4 Ba6 14. Bd2 Rc8 15.
Rc1 Qd7 16. Na1 Nb4 17. Rxc8 Rxc8 18. Bxb4 Bxb4 19. Re3 Qc6 20. Rc3 Bxc3 21.
bxc3 Qxc3 0-1

[Event "OPEN CONDOM 2022"]
[Site "Condom"]
[Date "2022.07.14"]
[Round "7.1"]
[White "Bedue, Julien"]
[Black "Alexieva, Silvia"]
[Result "0-1"]
[WhiteElo "2028"]
[BlackElo "2234"]
[PlyCount "62"]
[EventDate "2022.??.??"]
[WhiteTeam "Club d'Echecs de Condom"]
[BlackTeam "L'Echiquier Châlonnais"]

1. d4 d5 2. c4 dxc4 3. e4 e5 4. Nf3 exd4 5. Bxc4 Nc6 6. O-O Be6 7. Bb5 Bc5 8.
b4 Bb6 9. a4 a6 10. Bxc6+ bxc6 11. a5 Ba7 12. Qc2 Ne7 13. Nbd2 Rb8 14. Ba3 Rb5
15. Rfd1 O-O 16. Nc4 Ng6 17. Rac1 Bg4 18. Ncd2 Nf4 19. Kf1 c5 20. bxc5 Rxa5 21.
Bb4 Rb5 22. Ba3 d3 23. Qa4 Qc8 24. e5 Bxf3 25. Nxf3 Qg4 26. Ne1 Qe2+ 27. Kg1 d2
28. Qxf4 dxc1=Q 29. Rxc1 Bxc5 30. Bxc5 Rxc5 31. Nf3 Rxc1+ 0-1

[Event "OPEN CONDOM 2022"]
[Site "Condom"]
[Date "2022.07.14"]
[Round "7.2"]
[White "Halegua, Dani"]
[Black "Lorans, Sylvain"]
[Result "0-1"]
[WhiteElo "2078"]
[BlackElo "2091"]
[PlyCount "82"]
[EventDate "2022.??.??"]
[WhiteTeam "C.E.I. Toulouse"]
[BlackTeam "Club Echiquier du Nord"]

1. e4 e5 2. Nf3 Nc6 3. Bc4 Nf6 4. d4 exd4 5. e5 Ne4 6. O-O Be7 7. Bd5 Nc5 8.
Nxd4 Nxd4 9. Qxd4 O-O 10. Na3 c6 11. Bf3 Ne6 12. Qc3 f6 13. Bg4 fxe5 14. Bxe6+
dxe6 15. Be3 e4 16. Rad1 Qe8 17. Nc4 Qh5 18. Bd4 e5 19. Bxe5 Bg4 20. Rde1 Be2
21. Bxg7 Rf7 22. Bd4 c5 23. Be3 Bf3 24. Qe5 Rg7 25. Qe6+ Kh8 26. g3 Rf8 27. Bh6
Rg6 28. Qxe7 Qxh6 29. Ne5 Re6 30. Ng6+ Rxg6 31. Qe5+ Qg7 32. Qxc5 Rh6 33. Re3
b6 34. Qc4 Rd8 35. a4 Rhd6 36. a5 Rd1 37. Ree1 Rxe1 38. Rxe1 Qxb2 39. Qc7 Qd4
40. Qxa7 Qc3 41. Rf1 bxa5 0-1

[Event "OPEN CONDOM 2022"]
[Site "Condom"]
[Date "2022.07.14"]
[Round "7.3"]
[White "Vedmediuc, Serghei"]
[Black "Vedmediuc, Artiom"]
[Result "1-0"]
[WhiteElo "2439"]
[BlackElo "1897"]
[PlyCount "61"]
[EventDate "2022.??.??"]
[WhiteTeam "Echiquier Guingampais"]

1. d4 Nf6 2. c4 g6 3. Nc3 Bg7 4. e4 d6 5. Nf3 O-O 6. Be2 c5 7. d5 e6 8. O-O
exd5 9. exd5 Re8 10. h3 Bf5 11. Bd3 Ne4 12. Nxe4 Bxe4 13. Bxe4 Rxe4 14. Qc2 Qe8
15. Bg5 Nd7 16. Rae1 Rxe1 17. Rxe1 Qc8 18. Bf4 Qc7 19. b3 a6 20. Qe4 Bf8 21.
Bd2 b5 22. Bc3 bxc4 23. bxc4 Qd8 24. Qf4 Be7 25. Ba1 Rb8 26. h4 Rb4 27. h5 Ra4
28. hxg6 hxg6 29. Qh6 Bf6 30. Ng5 Nf8 31. Re8 1-0

[Event "OPEN CONDOM 2022"]
[Site "Condom"]
[Date "2022.07.14"]
[Round "7.5"]
[White "Vandervorst, Jean-Marc"]
[Black "Bernard, Christopher"]
[Result "1-0"]
[WhiteElo "1915"]
[BlackElo "1475"]
[PlyCount "53"]
[EventDate "2022.??.??"]
[WhiteTeam "Club d'Echecs de Condom"]

1. d4 c5 2. e3 cxd4 3. exd4 d5 4. Nf3 Nc6 5. Be2 Bg4 6. b3 e6 7. O-O Nf6 8. Bb2
Bd6 9. Nbd2 O-O 10. Ne5 Bxe2 11. Qxe2 Rc8 12. c4 Re8 13. Rfd1 Ne7 14. Rac1 Ng6
15. g3 Ne7 16. Qf3 Rf8 17. Qd3 Nc6 18. a3 a5 19. cxd5 exd5 20. Qb5 Bxe5 21.
dxe5 Ng4 22. Nf3 Qd7 23. Qxd5 Qf5 24. h3 Ngxe5 25. Nxe5 Rcd8 26. Nxc6 Qxd5 27.
Ne7+ 1-0

[Event "OPEN CONDOM 2022"]
[Site "Condom"]
[Date "2022.07.14"]
[Round "7.7"]
[White "Rigaud-Retourne, Mael"]
[Black "Villeneuve, Samuel"]
[Result "1/2-1/2"]
[WhiteElo "1675"]
[BlackElo "1855"]
[PlyCount "47"]
[EventDate "2022.??.??"]
[WhiteTeam "Echiquier de Bigorre"]
[BlackTeam "MJC Gaillac"]

1. d4 d5 2. Nf3 Nf6 3. c3 c5 4. dxc5 e6 5. b4 a5 6. e3 axb4 7. cxb4 b6 8. Bb5+
Bd7 9. Bxd7+ Nbxd7 10. a4 bxc5 11. b5 Ne4 12. O-O c4 13. Bb2 Qa5 14. Qc2 Bb4
15. Nd4 Qc7 16. Nc3 Ndc5 17. Nc6 Bxc3 18. Bxc3 Nxc3 19. Qxc3 f6 20. Qb4 Nd3 21.
Qc3 g6 22. Rfb1 Ne5 23. Nd4 Ng4 24. g3 1/2-1/2

[Event "OPEN CONDOM 2022"]
[Site "Condom"]
[Date "2022.07.14"]
[Round "7.8"]
[White "Darrort, Nahia"]
[Black "Vaillant, Stephane"]
[Result "1/2-1/2"]
[WhiteElo "1447"]
[BlackElo "1794"]
[PlyCount "61"]
[EventDate "2022.??.??"]
[WhiteTeam "Echiquier Agenais"]
[BlackTeam "U.S. Orléans.Echecs"]

1. b3 d5 2. Bb2 e6 3. e3 Nf6 4. Nf3 c5 5. Be2 Nc6 6. O-O Be7 7. c4 O-O 8. d4 b6
9. Nc3 Bb7 10. cxd5 Nxd5 11. Nxd5 Qxd5 12. Bc4 Qd8 13. dxc5 Bxc5 14. Qe2 Qe7
15. Ba6 Rfd8 16. Bxb7 Qxb7 17. Ne5 Nxe5 18. Bxe5 Qe4 19. Bf4 Rd7 20. Rfd1 Rad8
21. Bc7 Rxd1+ 22. Rxd1 Rxd1+ 23. Qxd1 h6 24. Bf4 e5 25. Bg3 f6 26. Qd8+ Kh7 27.
Qd1 a5 28. h3 Qf5 29. Bh2 Qe4 30. Bg3 Qf5 31. Bh2 1/2-1/2

[Event "OPEN CONDOM 2022"]
[Site "Condom"]
[Date "2022.07.14"]
[Round "7.9"]
[White "Colin, Penelope"]
[Black "Antao, Amory"]
[Result "0-1"]
[WhiteElo "1084"]
[BlackElo "2039"]
[PlyCount "66"]
[EventDate "2022.??.??"]
[WhiteTeam "Echiquier Agenais"]
[BlackTeam "MJC Gaillac"]

1. e4 Nc6 2. d4 e5 3. d5 Nce7 4. Nc3 Ng6 5. Nf3 Nf6 6. Be3 Bb4 7. Bd3 d6 8. O-O
Bg4 9. a3 Bxc3 10. bxc3 Nh4 11. Be2 Nxe4 12. Nxh4 Bxe2 13. Qxe2 Qxh4 14. g3 Qe7
15. Qd3 Nf6 16. Qb5+ Qd7 17. Qxb7 O-O 18. Qb4 Qh3 19. Bg5 Ng4 20. Qxg4 Qxg4 21.
Be3 f5 22. f4 e4 23. Rab1 h5 24. Bf2 h4 25. Rbd1 h3 26. Rd2 g5 27. Be3 Rab8 28.
fxg5 f4 29. Bxf4 e3 30. Bxe3 Rxf1+ 31. Kxf1 Qf3+ 32. Bf2 Rb1+ 33. Rd1 Rxd1# 0-1

[Event "OPEN CONDOM 2022"]
[Site "Condom"]
[Date "2022.07.14"]
[Round "7.11"]
[White "Faidoli, Yannis"]
[Black "Laurent, Mathieu"]
[Result "1-0"]
[WhiteElo "1327"]
[BlackElo "1771"]
[PlyCount "53"]
[EventDate "2022.??.??"]
[WhiteTeam "Echiquier Agenais"]
[BlackTeam "Fontainebleau-Avon"]

1. e4 c5 2. Nf3 g6 3. c4 Nc6 4. d4 cxd4 5. Nxd4 Nf6 6. Nc3 d6 7. Be2 Nxd4 8.
Qxd4 Bg7 9. Be3 O-O 10. Qd2 Be6 11. O-O Qa5 12. Rab1 Rfc8 13. b3 a6 14. Rfc1 b5
15. b4 Qd8 16. cxb5 axb5 17. Bxb5 Rxc3 18. Qxc3 Rxa2 19. Qd3 Qb8 20. Bc4 Ra8
21. Bxe6 fxe6 22. b5 Ng4 23. b6 d5 24. g3 Ne5 25. Qd1 Qf8 26. b7 Rd8 27. f4 1-0

[Event "OPEN CONDOM 2022"]
[Site "Condom"]
[Date "2022.07.14"]
[Round "7.12"]
[White "Berthou, Jules"]
[Black "Laccore, Henri"]
[Result "1-0"]
[WhiteElo "1670"]
[BlackElo "1249"]
[PlyCount "57"]
[EventDate "2022.??.??"]
[WhiteTeam "Echiquier de Bigorre"]
[BlackTeam "LEC Echiquier Limousin"]

1. c4 c5 2. Nf3 Nf6 3. Nc3 Nc6 4. g3 e5 5. Bg2 Be7 6. O-O O-O 7. d3 a6 8. Bg5
Rb8 9. Bxf6 Bxf6 10. Nd2 b5 11. b3 bxc4 12. dxc4 Bb7 13. Nde4 Be7 14. Qd2 d6
15. Rfd1 Qc7 16. Nd5 Qd8 17. Nxe7+ Qxe7 18. Qxd6 Rfd8 19. Qxe7 Nxe7 20. Nxc5
Bxg2 21. Kxg2 a5 22. Nb7 Rxd1 23. Rxd1 Nc6 24. Rd6 g6 25. Rxc6 Rxb7 26. Ra6 Rd7
27. Rxa5 f6 28. Kf3 Kf7 29. Rd5 1-0

[Event "OPEN CONDOM 2022"]
[Site "Condom"]
[Date "2022.07.14"]
[Round "7.10"]
[White "Beaurain, Louis"]
[Black "Marni-Sandid, Tarik"]
[Result "1-0"]
[WhiteElo "1537"]
[BlackElo "1665"]
[PlyCount "92"]
[EventDate "2022.??.??"]
[WhiteTeam "Club d'Echecs de Condom"]
[BlackTeam "l'Echiquier Toulousain"]

1. d4 c5 2. d5 d6 3. c4 Nf6 4. Nc3 g6 5. e4 Bg7 6. g3 O-O 7. Bh3 Bxh3 8. Nxh3
Nbd7 9. O-O Ne5 10. Qe2 Qd7 11. Ng5 h6 12. Nf3 Nxf3+ 13. Qxf3 Qh3 14. Qg2 Qc8
15. f4 b6 16. Bd2 a6 17. a4 h5 18. Rfe1 Ng4 19. h3 Bd4+ 20. Kh1 Nf2+ 21. Kh2
Nd3 22. Reb1 e5 23. Qf3 Nb4 24. Ne2 Nc2 25. Ra2 a5 26. b3 Nb4 27. Bxb4 axb4 28.
Rf1 exf4 29. gxf4 Bg7 30. Rg1 Qe8 31. Qg2 Ra7 32. Ng3 Qe7 33. Nxh5 Qh4 34. Nxg7
Qxf4+ 35. Qg3 Qxg3+ 36. Kxg3 Kxg7 37. Re1 Kf6 38. e5+ Ke7 39. Rf2 dxe5 40.
Rxe5+ Kd6 41. Rg5 Re8 42. Rf6+ Kc7 43. Rxf7+ Kb8 44. Rxa7 Kxa7 45. Kf4 Rf8+ 46.
Ke5 Rh8 1-0

[Event "OPEN CONDOM 2022"]
[Site "Condom"]
[Date "2022.07.15"]
[Round "8.2"]
[White "Halegua, Dani"]
[Black "Vedmediuc, Serghei"]
[Result "0-1"]
[WhiteElo "2078"]
[BlackElo "2439"]
[PlyCount "72"]
[EventDate "2022.??.??"]
[WhiteTeam "C.E.I. Toulouse"]
[BlackTeam "Echiquier Guingampais"]

1. e4 c5 2. Nf3 Nc6 3. Bb5 e6 4. Bxc6 bxc6 5. d3 Ne7 6. Qe2 d6 7. e5 Nf5 8.
exd6 Bxd6 9. Nbd2 O-O 10. O-O Nd4 11. Qd1 Bc7 12. c3 Nxf3+ 13. Qxf3 Qd6 14. Qg3
Qe7 15. Qf3 Ba6 16. Nc4 Rad8 17. Qe4 Rd5 18. b3 Rfd8 19. Rd1 Qd7 20. Ba3 Rxd3
21. Rxd3 Qxd3 22. Qxd3 Rxd3 23. Nb2 Rxc3 24. Na4 Rc2 25. Bxc5 h5 26. Bd4 Bb5
27. Nc3 Bd3 28. Na4 a5 29. g3 e5 30. Be3 Bb5 31. Nc5 Bb6 32. Nb7 Bd4 33. Bxd4
exd4 34. Nxa5 d3 35. Kg2 d2 36. Rd1 Be2 0-1

[Event "OPEN CONDOM 2022"]
[Site "Condom"]
[Date "2022.07.15"]
[Round "8.3"]
[White "Krivcenko, Alexandr"]
[Black "Vandervorst, Jean-Marc"]
[Result "1/2-1/2"]
[WhiteElo "1739"]
[BlackElo "1915"]
[PlyCount "70"]
[EventDate "2022.??.??"]
[WhiteTeam "Fontainebleau-Avon"]
[BlackTeam "Club d'Echecs de Condom"]

1. d4 d5 2. Nf3 Nf6 3. c4 e6 4. g3 Be7 5. Bg2 O-O 6. Nc3 b6 7. cxd5 exd5 8. Ne5
Bb7 9. O-O Nbd7 10. Qa4 Nxe5 11. dxe5 Nd7 12. Nxd5 Nc5 13. Qc4 Bxd5 14. Qxd5
Qxd5 15. Bxd5 Rad8 16. Bc4 Rd4 17. b3 Rfd8 18. Bb2 Rd2 19. Bc3 Rc2 20. Rfc1
Rxc1+ 21. Rxc1 Ne4 22. Bd3 Nxc3 23. Rxc3 c5 24. f4 h6 25. Kf2 Rd4 26. e3 Rd7
27. Kf3 Kf8 28. g4 Bh4 29. Ke4 Ke7 30. Rc2 Be1 31. f5 Rd8 32. Rc1 Bd2 33. Rd1
Bc3 34. h4 Kf8 35. Rc1 Bxe5 1/2-1/2

[Event "OPEN CONDOM 2022"]
[Site "Condom"]
[Date "2022.07.15"]
[Round "8.6"]
[White "Vedmediuc, Artiom"]
[Black "Vaillant, Stephane"]
[Result "0-1"]
[WhiteElo "1897"]
[BlackElo "1794"]
[PlyCount "74"]
[EventDate "2022.??.??"]
[BlackTeam "U.S. Orléans.Echecs"]

1. e4 e6 2. d4 d5 3. Nc3 Nf6 4. e5 Nfd7 5. f4 c5 6. Nf3 Nc6 7. Be3 Be7 8. Qd2
cxd4 9. Nxd4 a6 10. Bd3 Nxd4 11. Bxd4 Qc7 12. O-O Bc5 13. Ne2 Bxd4+ 14. Nxd4
O-O 15. Rae1 Nc5 16. c3 Nxd3 17. Qxd3 Bd7 18. Rf3 Rae8 19. Rh3 g6 20. Rh6 Bc8
21. Nf3 f6 22. exf6 Rxf6 23. Ne5 Ref8 24. g3 Qb6+ 25. Kh1 Qxb2 26. g4 Qb6 27.
g5 Rf5 28. Qh3 Rxe5 29. fxe5 Qf2 30. Rg1 Rf7 31. Rh4 Bd7 32. Rhg4 d4 33. cxd4
Bc6+ 34. R4g2 Qxa2 35. Qd3 Rf2 36. d5 Bxd5 37. Qc3 Rc2 0-1

[Event "OPEN CONDOM 2022"]
[Site "Condom"]
[Date "2022.07.15"]
[Round "8.7"]
[White "Villeneuve, Samuel"]
[Black "Beaurain, Louis"]
[Result "1-0"]
[WhiteElo "1855"]
[BlackElo "1537"]
[PlyCount "53"]
[EventDate "2022.??.??"]
[WhiteTeam "MJC Gaillac"]
[BlackTeam "Club d'Echecs de Condom"]

1. d4 d5 2. Bf4 e6 3. e3 Bd6 4. Bg3 Nf6 5. Nd2 O-O 6. Bd3 b6 7. e4 dxe4 8. Nxe4
Nxe4 9. Bxe4 c6 10. Nf3 Ba6 11. Bh4 Be7 12. Bxe7 Qxe7 13. Qd2 f5 14. Bd3 Bxd3
15. Qxd3 Rd8 16. Ne5 c5 17. Qf3 Qc7 18. Qxa8 cxd4 19. f4 Qxc2 20. O-O d3 21.
Qxa7 Qxb2 22. Qf7+ Kh8 23. Qxe6 Rf8 24. Nf7+ Kg8 25. Nh6+ Kh8 26. Qg8+ Rxg8 27.
Nf7# 1-0

[Event "OPEN CONDOM 2022"]
[Site "Condom"]
[Date "2022.07.15"]
[Round "8.10"]
[White "Faidoli, Yannis"]
[Black "Berthou, Jules"]
[Result "1-0"]
[WhiteElo "1327"]
[BlackElo "1670"]
[PlyCount "65"]
[EventDate "2022.??.??"]
[WhiteTeam "Echiquier Agenais"]
[BlackTeam "Echiquier de Bigorre"]

1. e4 c5 2. Nf3 Nc6 3. c3 d5 4. exd5 Qxd5 5. d4 Bg4 6. dxc5 Qxd1+ 7. Kxd1 e5 8.
b4 e4 9. h3 Bxf3+ 10. gxf3 exf3 11. Bf4 Nf6 12. Nd2 Nd5 13. Bg3 Nxc3+ 14. Kc2
Nd5 15. a3 Be7 16. Nxf3 O-O 17. Bc4 Rad8 18. Rad1 Nf6 19. Rhe1 a6 20. Ng5 Nd5
21. Nxf7 Kxf7 22. Bxd5+ Kf6 23. Bxc6 bxc6 24. Rxd8 Bxd8 25. Rd1 Be7 26. Rd7 Ke6
27. Rxe7+ Kxe7 28. Bd6+ Ke8 29. Bxf8 Kxf8 30. Kb3 h5 31. Ka4 g5 32. Ka5 h4 33.
f3 1-0

[Event "OPEN CONDOM 2022"]
[Site "Condom"]
[Date "2022.07.15"]
[Round "8.13"]
[White "Laccore, Henri"]
[Black "Pieri, Enzo"]
[Result "1-0"]
[WhiteElo "1249"]
[BlackElo "1586"]
[PlyCount "45"]
[EventDate "2022.??.??"]
[WhiteTeam "LEC Echiquier Limousin"]

1. d4 d5 2. c4 Nf6 3. cxd5 Nxd5 4. e4 Nf6 5. Nc3 g6 6. Nf3 Bg7 7. Bc4 O-O 8.
O-O c6 9. a4 Qa5 10. Bd2 Qc7 11. Rc1 Nbd7 12. Re1 e5 13. d5 Nb6 14. Ba2 cxd5
15. Nxd5 Qd6 16. Bb4 Qd8 17. Bxf8 Bxf8 18. Nxe5 Nbxd5 19. exd5 Bd6 20. Re3 Bf5
21. g4 Be4 22. g5 Bxe5 23. gxf6 1-0

[Event "OPEN CONDOM 2022"]
[Site "Condom"]
[Date "2022.07.16"]
[Round "9.4"]
[White "Cabarcos Baulina, Manuel"]
[Black "Antao, Amory"]
[Result "0-1"]
[WhiteElo "1758"]
[BlackElo "2039"]
[PlyCount "86"]
[EventDate "2022.??.??"]
[WhiteTeam "C.E.I. Toulouse"]
[BlackTeam "MJC Gaillac"]

1. d4 Nc6 2. Bf4 d6 3. e4 Nf6 4. Nc3 g6 5. Qd2 Bg7 6. O-O-O O-O 7. Bh6 e5 8. d5
Ne7 9. f3 Ne8 10. g4 f5 11. gxf5 gxf5 12. Nh3 fxe4 13. fxe4 Rxf1 14. Rdxf1 Bxh3
15. Rf3 Bd7 16. Rhf1 Ng6 17. Bg5 Qc8 18. h4 Bg4 19. Rf7 Nf4 20. Bxf4 Kxf7 21.
Bh6+ Kg8 22. Qg5 Qd7 23. Nd1 Bxd1 24. Kxd1 Kh8 25. Rg1 Qf7 26. h5 Bxh6 27. Qxh6
Ng7 28. Rg6 Qf1+ 29. Kd2 Qf4+ 30. Qxf4 exf4 31. Rf6 Nxh5 32. Rf7 Rc8 33. Rf5
Ng7 34. Rxf4 Kg8 35. Rf3 Rf8 36. Rc3 Rf7 37. Rb3 b6 38. a4 a5 39. Rb5 h5 40. b4
axb4 41. Rxb4 h4 42. e5 dxe5 43. Rxh4 Rf4 0-1

[Event "OPEN CONDOM 2022"]
[Site "Condom"]
[Date "2022.07.16"]
[Round "9.5"]
[White "Vandervorst, Jean-Marc"]
[Black "Schmitt, Bastien"]
[Result "1/2-1/2"]
[WhiteElo "1915"]
[BlackElo "1964"]
[PlyCount "37"]
[EventDate "2022.??.??"]
[WhiteTeam "Club d'Echecs de Condom"]
[BlackTeam "Fontainebleau-Avon"]

1. d4 Nf6 2. Nf3 d5 3. e3 c5 4. Be2 Nc6 5. O-O Bg4 6. b3 cxd4 7. exd4 e6 8.
Nbd2 Be7 9. Bb2 O-O 10. Ne5 Bxe2 11. Qxe2 Rc8 12. Rfd1 Qb6 13. Ndf3 Rfd8 14. c4
Nxe5 15. dxe5 Ne4 16. cxd5 exd5 17. Bd4 Bc5 18. Qe3 Bxd4 19. Qxd4 1/2-1/2

[Event "OPEN CONDOM 2022"]
[Site "Condom"]
[Date "2022.07.16"]
[Round "9.6"]
[White "Bedue, Julien"]
[Black "Halegua, Dani"]
[Result "0-1"]
[WhiteElo "2028"]
[BlackElo "2078"]
[PlyCount "68"]
[EventDate "2022.??.??"]
[WhiteTeam "Club d'Echecs de Condom"]
[BlackTeam "C.E.I. Toulouse"]

1. d4 Nf6 2. c4 c6 3. Nc3 d5 4. Bg5 dxc4 5. a4 Qa5 6. Nf3 Ne4 7. Bd2 Nxd2 8.
Qxd2 b5 9. e4 g6 10. Be2 Bg7 11. O-O Qb6 12. axb5 cxb5 13. Nd5 Qd8 14. Qb4 a6
15. Qc5 O-O 16. Nxe7+ Kh8 17. Nxc8 Qxc8 18. Qg5 Nd7 19. Rfd1 Nb6 20. Rac1 Qb7
21. Qh4 Rfe8 22. e5 Rad8 23. Ng5 h6 24. e6 fxe6 25. Nxe6 Rd6 26. Nxg7 Qxg7 27.
Bf3 Red8 28. Rc2 g5 29. Qh5 Nd7 30. Qh3 Ne5 31. Bh5 Nd3 32. b3 Nf4 33. Qg4 cxb3
34. Rc8 b2 0-1

[Event "OPEN CONDOM 2022"]
[Site "Condom"]
[Date "2022.07.16"]
[Round "9.10"]
[White "Darrort, Nahia"]
[Black "Laurent, Mathieu"]
[Result "0-1"]
[WhiteElo "1447"]
[BlackElo "1771"]
[PlyCount "42"]
[EventDate "2022.??.??"]
[WhiteTeam "Echiquier Agenais"]
[BlackTeam "Fontainebleau-Avon"]

1. b3 e5 2. Bb2 Nc6 3. e3 d5 4. Bb5 Nge7 5. Bxe5 a6 6. Bxc6+ Nxc6 7. Bb2 Qg5 8.
Qf3 Qg6 9. d3 Nb4 10. Na3 Bg4 11. Qg3 Nxd3+ 12. Kf1 Nxb2 13. Qe5+ Be7 14. Rb1
Nd3 15. cxd3 Qxd3+ 16. Ke1 Be6 17. b4 Qxa3 18. Qxg7 Bxb4+ 19. Ke2 O-O-O 20. Qd4
Bc3 21. Qd1 d4 0-1

[Event "OPEN CONDOM 2022"]
[Site "Condom"]
[Date "2022.07.16"]
[Round "9.11"]
[White "Wittmann, Paul"]
[Black "Bernard, Christopher"]
[Result "1/2-1/2"]
[WhiteElo "1257"]
[BlackElo "1475"]
[PlyCount "39"]
[EventDate "2022.??.??"]
[WhiteTeam "Club d'Echecs de Condom"]

1. e4 c5 2. Nf3 g6 3. d4 cxd4 4. Qxd4 Nf6 5. e5 Nc6 6. Qa4 Nd5 7. Qb3 e6 8.
Nbd2 d6 9. exd6 Qxd6 10. Nc4 Qb4+ 11. Bd2 Qxb3 12. cxb3 Bb4 13. O-O-O Bxd2+ 14.
Rxd2 Bd7 15. Nd6+ Ke7 16. Nxb7 Rac8 17. Kb1 Nd8 18. Nxd8 Rhxd8 19. Be2 Nf6 20.
Ne5 1/2-1/2